000 004100000a22001210004500
100 1 _aHoyos, Andrés
245 1 0 _aJane Jacobs 1916-2006
300 _aVol.0, núm.8 (Mayo, 2006), Página 29
500 _aEscritor y director de la revista cultural El Malpensante.
520 _aLa analista de fenómenos urbanos murió el pasado 25 de abril.
773 0 _tArcadia / Andrés Felipe Solano, Editor
942 _cANA
999 _c61780
_d61780